Puedo ser otro ... y feliz / (Registro nro. 7678)

Detalles MARC
000 -LIDER
fixed length control field 00922nam a2200301 a 4500
001 - NÚMERO DE CONTROL
Identificador de número de control 000039316
003 - IDENTIFICACDOR DE NÚMERO DE CONTROL
control field DO-SdBNP
005 - DATE AND TIME OF LATEST TRANSACTION
control field 20170922132624.0
007 - CAMPOS FIJOS DE DESCRIPCIÓN FÍSICA
fixed length control field 000039316
008 - ELEMENTOS DE LONGITUD FIJA
fixed length control field 110228s2003 dr 000 0 spa d
040 ## - FUENTE DE CATALOGACIÓN
Agencia que crea de manera original el registro BPMSU
Idioma de catalogación spa
Agencia que realiza la transcripción BPMSU
082 ## - NÚMERO DE CLASIFICACIÓN DECIMAL DE DEWEY
Classification number 158.1
Item number A561p, 2003
100 1# - ASIENTO PRINCIPAL -- NOMBRE PERSONAL
Nombre personal Andrés, Mateo,
245 10 - MENCIÓN DE TITULO
Título Puedo ser otro ... y feliz /
Mención de responsabilidad Mateo Andrés; prólogo Fco. José Arnaiz.
250 ## - MENCIÓN DE EDICION
Mención de edición 14 ed.
260 ## - PUBLICACIÓN, DISTRIBUCIÓN, ETC. (PIE DE IMPRENTA)
Lugar de publicación, distribución, etc Santo Domingo :
Nombre del editor, distribuidor, etc. Amigo del Hogar,
Fecha de publicación, distribución, etc 2003.
300 ## - DESCRIPCIÓN FÍSICA
Extensión 175 p. :
Otros detalles físicos il. ;
Dimensiones 22 cm.
490 1# - MENCIÓN DE SERIES
Mención de serie Luz;
Volume/sequential designation 1
650 #4 - ENCABEZAMIENTO DE MATERIA--TEMÁTICO
Término temático o nombre geográfico como elemento de entrada DESARROLLO DE LA PERSONALIDAD
700 12 - ASIENTO SECUNDARIO -- NOMBRE PERSONAL
Nombre personal Arnaiz, José Fco.,
Mención de responsabilidad pról.
830 #0 - ASIENTO SECUNDARIO DE SERIE--TÍTULO UNIFORME
Título uniforme Luz;
Número de la parte o sección de una obra 1
910 ## - VALIDACIÓN
Validación Validado. Control de calidad MFF
930 #1 - EQUIVALENCE OR CROSS-REFERENCE-UNIFORM TITLE HEADING [LOCAL, CANADA]
Language of a work BND01
Medium of performance for music LF1
Field link and sequence number 20130621
Date of a work 01
Name of part/section of a work CT
Miscellaneous information 37449
942 ## - ADDED ENTRY ELEMENTS (KOHA)
Source of classification or shelving scheme Dewey Decimal Classification
Koha item type Libros
945 ## - INFORMACIÓN DE PROCESAMIENTO LOCAL
Información de procesamiento local Titulo remanejado para BNPHU
956 ## - LOCAL ELECTRONIC LOCATION AND ACCESS (OCLC)
Nombre de host YLOCKWARD
Número de acceso 10
Información de compresión 20130621
Inicio de sesión BND01
Procesador de solicitud 1446
956 ## - LOCAL ELECTRONIC LOCATION AND ACCESS (OCLC)
Nombre de host VMATEO
Número de acceso 10
Información de compresión 20130625
Inicio de sesión BND01
Procesador de solicitud 0846
Existencias
Withdrawn status Lost status Source of classification or shelving scheme Damaged status Not for loan Collection code Home library Current library Date acquired Total Checkouts Full call number Barcode Date last seen Price effective from Koha item type
    Dewey Decimal Classification     Colección Dominicana Biblioteca Pública Metropolitana Salomé Ureña Biblioteca Pública Metropolitana Salomé Ureña 04/23/2015   158.1 A561p, 2003 BPMSU15040380 04/23/2015 04/23/2015 Libros